| 000 | 00488nam a2200145 a 4500 | ||
|---|---|---|---|
| 001 | 18697 | ||
| 005 | 20180713212029.0 | ||
| 008 | 140415s1965 000 0 spa d | ||
| 041 | _aspa | ||
| 082 |
_a631.52 _bVIV |
||
| 245 | 0 | 0 |
_aVIVERISTAS DE FRUTALES, VIDES Y PLANTAS DE JARDIN : _bRELACION DE VIVERISTAS Y ESTABLECIMIENTOS DE HORTICULTU... |
| 260 |
_a[s.l.] : _bPUBLICACIONES DEL MINISTERIO DE AGRICULTURA, _c1965 |
||
| 300 | _a130 | ||
| 650 | 1 | 4 | _aVIVEROS (HORTICULTURA) |
| 999 |
_c18697 _d18697 |
||